000 00454nam a22001937a 4500
003 MPLRDC
005 20220104154704.0
008 210129b ||||| |||| 00| 0 eng d
020 _a962-22-0082-6
082 _a857.621 NK v.54 c.2
100 _a倪匡
245 _a活俑
_c
250 _a14版
260 _a
_b明窗出版社
_c2000
300 _b
490 _a科幻系列. 54
650 _a科幻小说
942 _cBK
_o857.621 NK v.54 c.2
999 _c54111
_d54101